Cinderella and Ali Baba

Bibliographic Details
Format: Book
Published: London : Grandreams limited , 1990
Series:two well loved tales
Subjects:

MARC

LEADER 00000cam a2200000 7i4500
001 0000069122
005 20171122.0
008 170111
020 |a 0862275679 
090 0 0 |a CT   |b ENG 
245 1 0 |a Cinderella and Ali Baba   |c adapted by Anne Mckie; illustrated by Ken McKie 
260 |a London :   |b Grandreams limited ,   |c 1990 
300 |a [s.n.] :   |b Col.ill 
490 1 |a two well loved tales 
500 |a Children ages 7-9 years old (orange) 
650 0 |a Children's stories, English 
650 0 |a Fairy tales   |x Juvenile literature 
999 |a 0000868736   |b Book   |c Children Collection   |e Cawangan Segamat 
999 |a 0000868737   |b Book   |c Children Collection   |e Cawangan Segamat